LABORATORY INSTRUMENTS THEIR DESIGN AND APPLICATION (Record no. 585101)

000 -LEADER
fixed length control field 00309nam a22001217a 4500
082 ## - DEWEY DECIMAL CLASSIFICATION NUMBER
Classification number 620.0044 ELL'L
100 ## - MAIN ENTRY--PERSONAL NAME
Personal name DICKSON, J. H,ELLIOTT, A
9 (RLIN) 80137
245 ## - TITLE STATEMENT
Title LABORATORY INSTRUMENTS THEIR DESIGN AND APPLICATION
250 ## - EDITION STATEMENT
Edition statement 2ND
260 ## - PUBLICATION, DISTRIBUTION, ETC.
Place of publication, distribution, etc. LONDON
Name of publisher, distributor, etc. CHAPMAN & HALL
Date of publication, distribution, etc. 1959
300 ## - PHYSICAL DESCRIPTION
Extent 514P
942 ## - ADDED ENTRY ELEMENTS (KOHA)
Koha item type Book
Holdings
Withdrawn status Lost status Damaged status Not for loan Permanent Location Current Location Shelving location Date acquired Total Checkouts Full call number Barcode Date last seen Price effective from Koha item type
        College of Electrical & Mechanical Engineering (CEME) College of Electrical & Mechanical Engineering (CEME) General Stacks 07/06/2017   620.0044 ELL'L CEME-5569 06/28/2021 06/28/2021 Book
© 2023 Central Library, National University of Sciences and Technology. All Rights Reserved.